000
00293nam a2200133Ia 4500
100
_a
Liggett
942
_c
BK
654
_a
Tolerance
245
_a
Fund. of Position &tolerance
260
_b
Society of Manufacturing Engineers
_c
2001
082
_a
620
300
_a
195
546
_a
ENGLISH
999
_c
19469
_d
19469